| 000 | 00750nam a2200241 i 4500 | ||
|---|---|---|---|
| 001 | bg | ||
| 100 | 1 | _aMICHALAK, Hanna | |
| 245 | 1 | 0 |
_aDomy jednorodzinne : _bkonstruowanie i obliczanie / _cHanna Michalak, Stefan Pyrak. |
| 260 |
_aWarszawa : _b"Arkady", _c2000. |
||
| 300 |
_a339, [1] s. : _b2 mapy, rys. ; _c24 cm. |
||
| 504 | _aBibliogr. | ||
| 650 | 9 |
_aBudownictwo jednorodzinne _xprojekty |
|
| 655 | _aPodręczniki akademickie | ||
| 700 | 1 | _aPYRAK, Stefan | |
| 020 | _a8321341985 | ||
| 040 | _cBPK | ||
| 041 | 0 | _apl | |
| 080 | _a69::728.3.001.13/.14:624.01/.07](075.8) | ||
| 920 | _a83-213-4198-5 | ||
| 942 | _cKS | ||
| 008 | s pl f |000 0 pol | ||
| 999 |
_c39820 _d39820 |
||
| 856 |
_uhttp://koha.tu.koszalin.pl/cgi-bin/koha/opac-detail.pl?biblionumber=39820 _yKatalog online BPK |
||